000 00199 a2200097 4500
001 59059
100 _a
245 _aSao saal badh
260 _aLahore
_bJehangir Books
_c2009
090 _c36165
_d36165
942 _aNUST-CAE
_c
_c29075
999 _c294132
_d294132